Pro Wrestlers by Picture #12 - Statistics

General Stats
  • This quiz has been taken 101 times
  • The average score is 14 of 20
Answer Stats
Picture Answer % Correct
Omos
90%
Erick Redbeard
87%
Mustafa Ali
86%
Otis
83%
Chad Gable
82%
Karl Anderson
81%
Pete Dunne
79%
nZo
71%
Tamina
71%
IRS
69%
Shawn Spears
69%
Cedric Alexander
67%
Jungle Boy
64%
Tatanka
60%
Penta El Zero Miedo
56%
Eddie Kingston
52%
Lacey Evans
52%
Cassie Lee
51%
Bobby Fish
48%
Kris Statlander
39%
No matching quizzes found
Score Distribution
Percent of People with Each Score
Percentile by Number Answered
Your Score History
You have not taken this quiz